| 000 | 00676cab a2200205 4500 | ||
|---|---|---|---|
| 001 | WB3138-27 | ||
| 008 | 090401t1995 xxu||||| |||| 00| 0 eng d | ||
| 035 | _a(Sirsi) u66932 | ||
| 041 | _aeng | ||
| 245 | _aGreen corridors benefit environment and business | ||
| 260 | _c1995 | ||
| 350 | _a0 | ||
| 490 |
_aEstates Gazette _v(9540) 7 October 1995, 75(1) |
||
| 520 | _aSuggests how transport routes, such as rivers, roads, railway lines and canals would benefit from extra tree planting and thereby enhance the environment. | ||
| 650 | _aGREEN CORRIDORS | ||
| 650 | _aTREE PLANTING | ||
| 690 | _aENVIRONMENTAL AND LAND CONSULTANCY | ||
| 942 | _n0 | ||
| 948 | _c04/03/1997 | ||
| 999 |
_c41839 _d41839 |
||